000 00340pam a2200157a 44500
008 230515b1979 xxu||||| |||| 00| 0 eng d
020 _aNULL
041 _aENGLISH
082 _a630
100 _aUDONATH ALONE
245 _aEVER FLOWERING KRISHNAMURTI
250 _a0
260 _aPUNE
_bN/A
_c1979
300 _a268
650 _aNULL
999 _c651285
_d651285